[Event "VIE-chT (Women)"]
[Site "Ho Chi Minh City"]
[Date "2017.07.28"]
[Round "8.2"]
[White "Bach, Ngoc Thuy Duong"]
[Black "Nguyen, Thi Thuy"]
[Result "1/2-1/2"]
[WhiteElo "1810"]
[BlackElo "1729"]
[PlyCount "103"]
[EventDate "2017.07.24"]
[EventType "team-swiss"]
[EventRounds "9"]
[EventCountry "VIE"]
[SourceTitle "EXT 2019"]
[Source "ChessBase"]
[SourceDate "2018.10.10"]
[SourceVersion "1"]
[SourceVersionDate "2018.10.10"]
[SourceQuality "1"]

1. d4 d5 2. c4 c6 3. Nf3 Nf6 4. Nc3 e6 5. Bg5 Nbd7 6. e3 Qa5 7. Nd2 Bb4 8. Qc2 dxc4 9. Bxf6 Nxf6 10. Nxc4 Bxc3+ 11. bxc3 Qd5 12. e4 Qxe4+ 13. Qxe4 Nxe4 14. Rc1 0-0 15. Bd3 Nf6 16. 0-0 b6 17. Rfd1 Ba6 18. Ne5 Bxd3 19. Rxd3 Rac8 20. c4 Rc7 21. f4 Rd8 22. a4 Nd7 23. Nf3 g6 24. Kf2 Kf8 25. h3 h5 26. Re1 Nc5 27. Ra3 Nb7 28. Re5 Nd6 29. Rc3 Nf5 30. Re4 Rcd7 31. c5 Nxd4 32. Ne5 Rd5 33. cxb6 axb6 34. Nxc6 Rc8 35. Nb4 Rxc3 36. Nxd5 Rc2+ 37. Ke1 Rc1+ 38. Kf2 Rc2+ 39. Ke1 Nf3+ 40. gxf3 exd5 41. Rd4 Ra2 42. f5 Ke7 43. fxg6 fxg6 44. Rxd5 Rxa4 45. Rb5 Rf4 46. Rxb6 Rxf3 47. Rxg6 Rxh3 48. Rh6 Kf7 49. Kf2 Kg7 50. Kg2 Rh4 51. Ra6 Rb4 52. Kg3 1/2-1/2